Inter Squad 2009-2010 - Statistics

General Stats
  • This quiz has been taken 51 times
  • The average score is 18 of 30
Answer Stats
# Position Nation Player % Correct
9 FW Cameroon Samuel Eto'o
100%
22 FW Argentina Diego Milito
97%
12 GK Brazil Júlio César
97%
19 MF Argentina Esteban Cambiasso
91%
10 MF Netherlands Wesley Sneijder
91%
- Coach Portugal José Mourinho
88%
6 DF Brazil Lúcio
88%
27 FW North Macedonia Goran Pandev
85%
4 DF Argentina Javier Zanetti
85%
13 DF Brazil Maicon
82%
23 DF Italy Marco Materazzi
82%
25 DF Argentina Walter Samuel
82%
26 DF Romania Cristian Chivu
76%
5 MF Serbia Dejan Stanković
76%
2 DF Colombia Iván Córdoba
76%
11 MF Ghana Sulley Muntari
70%
89 FW Austria Marko Arnautović
64%
1 GK Italy Francesco Toldo
55%
8 MF Italy Thiago Motta
52%
45 FW Italy Mario Balotelli
45%
7 FW Portugal Ricardo Quaresma
45%
14 MF France Patrick Vieira
42%
17 MF Kenya McDonald Mariga
30%
39 DF Italy Davide Santon
27%
30 FW Brazil Mancini
24%
18 FW Honduras David Suazo
21%
21 GK Italy Paolo Orlandoni
21%
51 GK Slovenia Vid Belec
15%
15 MF Slovenia Rene Krhin
12%
29 DF Italy Giulio Donati
9%
No matching quizzes found
Score Distribution
Percent of People with Each Score
Percentile by Number Answered
Your Score History
You have not taken this quiz